[Event "Canadian zt (Women)"]
[Site "Toronto"]
[Date "2024.03.28"]
[Round "1"]
[White "Glenda, Baylon"]
[Black "Chen, Shuang"]
[Result "1/2-1/2"]
[WhiteElo "1885"]
[BlackElo "1617"]
[PlyCount "133"]
[EventDate "2024.03.28"]
[EventType "team-swiss"]
[EventRounds "9"]
[EventCountry "CAN"]
[SourceTitle "CB15_2024"]
[SourceDate "2024.04.10"]
[SourceVersion "1"]
[SourceVersionDate "2024.04.10"]
[SourceQuality "1"]

1. d4 d5 2. c4 e6 3. Nf3 Nf6 4. Nc3 Be7 5. e3 0-0 6. cxd5 exd5 7. Bd3 c6 8. 0-0 Nbd7 9. b3 Re8 10. Bb2 Nf8 11. h3 Ng6 12. Qc2 Bd6 13. Rfe1 Bd7 14. Bxg6 hxg6 15. e4 dxe4 16. Nxe4 Nd5 17. Neg5 Rxe1+ 18. Rxe1 Bf5 19. Qc4 Qd7 20. Ne5 Bxe5 21. dxe5 b5 22. Qh4 Re8 23. Qh7+ Kf8 24. Qh8+ Ke7 25. Qxg7 Be6 26. Bd4 Kd8 27. Rd1 Kc8 28. Ne4 Kb8 29. Bc5 Bxh3 30. Nf6 Qe6 31. Bd6+ Ka8 32. Nxd5 cxd5 33. Qf6 Qg4 34. Qf3 Qxf3 35. gxf3 Be6 36. Rc1 Rc8 37. Rxc8+ Bxc8 38. Kf1 Kb7 39. Ke2 Kc6 40. f4 Bf5 41. a3 d4 42. Bb8 a5 43. Bd6 Bc2 44. b4 a4 45. Kd2 Bf5 46. Bc5 Kd5 47. Kc1 Kc4 48. Kb2 d3 49. Be3 Be4 50. Bd2 Bf3 51. Be3 Bd1 52. Bd2 Bc2 53. Be3 Bb3 54. Bd2 Kd4 55. Be3+ Ke4 56. Kc3 Bc2 57. Kd2 Bb1 58. Kc1 Ba2 59. Kd2 Bc4 60. Kc3 Bb3 61. Kd2 Bc2 62. Kc3 Kf3 63. Kd2 Bb1 64. Ke1 Kg2 65. Bc5 Bc2 66. Be3 Kf3 67. Kd2 1/2-1/2

[Event "Wch U10 Girls"]
[Site "Batumi"]
[Date "2022.09.24"]
[Round "8"]
[White "Chen, Shuang"]
[Black "Gulishyan, Eseniya"]
[Result "1-0"]
[WhiteElo "1339"]
[BlackElo "1138"]
[PlyCount "40"]
[EventDate "2022.09.16"]
[EventType "swiss"]
[EventRounds "11"]
[EventCountry "GEO"]
[SourceTitle "EXT 2023"]
[Source "ChessBase"]
[SourceDate "2022.10.05"]
[SourceVersion "1"]
[SourceVersionDate "2022.10.05"]
[SourceQuality "1"]

1. e4 d5 2. exd5 Qxd5 3. Nc3 Qd6 4. d4 c6 5. Nf3 Nf6 6. Ne5 Bf5 7. Bf4 Qd8 8. Bc4 e6 9. g4 Bg6 10. h4 Nbd7 11. Qe2 Bb4 12. f3 Bxc3+ 13. bxc3 h6 14. Nxg6 fxg6 15. Bxe6 Qe7 16. 0-0 0-0-0 17. Rae1 Rhe8 18. Qc4 Qf8 19. d5 Nxd5 20. Bxd5 Qf6 1-0

[Event "Wch U10 Girls"]
[Site "Batumi"]
[Date "2022.09.21"]
[Round "6"]
[White "Chen, Shuang"]
[Black "Zavivaeva, Kristina"]
[Result "0-1"]
[WhiteElo "1339"]
[BlackElo "1222"]
[PlyCount "76"]
[EventDate "2022.09.16"]
[EventType "swiss"]
[EventRounds "11"]
[EventCountry "GEO"]
[SourceTitle "EXT 2023"]
[Source "ChessBase"]
[SourceDate "2022.10.05"]
[SourceVersion "1"]
[SourceVersionDate "2022.10.05"]
[SourceQuality "1"]

1. e4 c5 2. Nf3 d6 3. Bb5+ Bd7 4. Bxd7+ Qxd7 5. c3 Nf6 6. Qe2 Nc6 7. 0-0 e6 8. d4 cxd4 9. cxd4 d5 10. e5 Ne4 11. Be3 Be7 12. Ne1 h6 13. f3 Ng5 14. Nc3 Na5 15. b3 Rc8 16. Na4 0-0 17. Nd3 b6 18. Nab2 Rc7 19. Rac1 Rfc8 20. Nd1 Rxc1 21. Bxc1 Qc6 22. Ne3 Qb5 23. Bd2 Nc6 24. Rc1 Bf8 25. Qf1 Qa6 26. a4 Nxd4 27. Rxc8 Qxc8 28. Qb1 Ngxf3+ 29. gxf3 Nxf3+ 30. Kg2 Nxd2 31. Qd1 Qc3 32. Qe2 Nxb3 33. Nf1 Nc5 34. Nf4 Qb4 35. Qf2 Qe4+ 36. Kg1 Nxa4 37. Ng3 Qxe5 38. Ngh5 Bc5 0-1

[Event "Wch U10 Girls"]
[Site "Batumi"]
[Date "2022.09.19"]
[Round "4"]
[White "Chen, Shuang"]
[Black "Aadya, Ranganath"]
[Result "1/2-1/2"]
[WhiteElo "1339"]
[BlackElo "1184"]
[PlyCount "125"]
[EventDate "2022.09.16"]
[EventType "swiss"]
[EventRounds "11"]
[EventCountry "GEO"]
[SourceTitle "EXT 2023"]
[Source "ChessBase"]
[SourceDate "2022.10.05"]
[SourceVersion "1"]
[SourceVersionDate "2022.10.05"]
[SourceQuality "1"]

1. e4 e5 2. Nf3 Nc6 3. Bb5 a6 4. Ba4 Nf6 5. d3 d6 6. c3 g6 7. Nbd2 Bg7 8. 0-0 0-0 9. h3 b5 10. Bb3 Na5 11. Bc2 c5 12. Re1 Nc6 13. Nf1 Re8 14. Ng3 Bb7 15. Be3 Qc7 16. Qd2 Qe7 17. Bg5 Nd8 18. Bb3 Rc8 19. d4 c4 20. Bc2 Ne6 21. Bh4 Qc7 22. d5 Nf4 23. Bg5 N4h5 24. Ne2 Nd7 25. a4 Nhf6 26. Ra3 bxa4 27. Bxa4 Nxe4 28. Qd1 Nxg5 29. Nxg5 h6 30. Nf3 e4 31. Nh2 Re5 32. Ng3 Rxd5 33. Qg4 Nf6 34. Qe2 Qb6 35. b3 Ra5 36. Rea1 Nd5 37. Nxe4 Nxc3 38. Nxc3 Bxc3 39. Rc1 Bb4 40. Ra2 h5 41. Rxc4 Rxc4 42. Qxc4 Rc5 43. Qf4 Bc6 44. Nf3 Bxf3 45. Qxf3 d5 46. Re2 Qd6 47. g3 Rc3 48. Qg2 d4 49. Qa8+ Kh7 50. Qe8 Qd5 51. Qa8 Qd6 52. Qe8 Qd5 53. Re1 Re3 54. Rxe3 dxe3 55. Qxe3 Bc5 56. Qf4 Qe6 57. h4 Bd6 58. Qf3 Qe1+ 59. Kg2 Qe6 60. Kh2 Kg7 61. Qc3+ Be5 62. Qe3 Qf6 63. Kg2 1/2-1/2